000 00942nam a2200217Ii 4500
003 JO-AjNU
008 230605s9999||||xx |||||||||||||| ||und||
017 _a2010/15184
040 _aJO-AjNU
_bara
_erda
_cJO-AjNU
041 _aara
050 1 4 _aJF1525.2011
100 3 _a د ، م ,
_eauthor
_934457
245 0 0 _aنحو استراتيجية وطنية لمكافحة الفساد : بحوث وأوراق عمل المؤتمر السنوي العام نحو استراتيجية وطنية لمكافحة الفساد والتنمية والمنظمة العربية لمكافحة الفساد
250 _aط1
264 3 1 _aالقاهرة : المنظمة العربية للتنمية الإدارية ،2011
300 _a427ص
336 _atext
_btxt
_2rdacontent
337 _aunmediated
_bn
_2rdamedia
338 _avolume
_bnc
_2rdacarrier
650 4 _aالفساد الإداري -- مكافحة -- مؤتمرات
_934458
999 _aA14131
_c17699
_d17699